000 00821nam a2200289Ia 4500
005 20260324120733.0
008 008 260324s9999 xx 000 0 eng d
020 _a9781315852140
037 _aEBOOK
040 _aCRL
040 _beng
040 _cCRL
041 _2eng
041 _aeng
084 _qCRL
100 _aLuis Frois SJ; Daniel T. Reff; Richard Danford; Robin Gill
_91159768
245 4 _aThe First European Description of Japan, 1585
245 2 _bA Critical English-Language Edition of Striking Contrasts in the Customs of Europe and Japan by Luis Frois, S.J.
260 _bTaylor and Francis
260 _c2014
365 _a
365 _b280
856 _uhttp://www.taylorfrancis.com/books/9781315852140
942 _cEBOOK
999 _c1751451
_d1751451